Football Teams John Charles Played For - Statistics

General Stats
  • This quiz has been taken 20 times
  • The average score is 4 of 7
Answer Stats
League Years Team % Correct
Italy 1957-1962 Juventus FC
92%
England 1963-1966 Cardiff City
67%
England 1949-1957 Leeds United
58%
England 1962 Leeds United
58%
Italy 1962-1963 AS Roma
42%
Wales 1972-1974 FC Merthyr Town
17%
England 1966-1972 Hereford United
17%
No matching quizzes found
Score Distribution
Percent of People with Each Score
Percentile by Number Answered
Your Score History
You have not taken this quiz